000
00506nam a2200157Ia 4500
008
090124s9999 xx 000 0 und d
082
_b
29125
245
_a
रामदास-दर्शन
250
_a
1
260
_b
मॉडर्न बुकडेपो प्रकाशन
_c
1972
300
_a
168
630
_a
रामदास-दर्शन
700
_a
सरदार गंगाधर बाळकृष्ण
730
_a
रामदास-दर्शन
942
_c
BOOK
999
_c
94923
_d
94923